[Event "ENCI Limburg-open A"]
[Site "Maastricht"]
[Date "2008.05.12"]
[Round "7"]
[White "Bus, Tom"]
[Black "Ouwersloot, Hans"]
[Result "1-0"]
[WhiteElo "2252"]
[BlackElo "2038"]
[PlyCount "75"]
[EventDate "2008.05.09"]
[EventType "swiss"]
[EventRounds "7"]
[EventCountry "NED"]
[Source "P.Boonen"]
[SourceDate "2010.01.01"]

1. c4 Nf6 2. g3 e5 3. Bg2 Nc6 4. Nc3 Bb4 5. Nd5 Nxd5 6. cxd5 Ne7 7. Nf3 Bd6 8.
e4 c6 9. d4 cxd5 10. dxe5 Bb4+ 11. Bd2 Qa5 12. O-O dxe4 13. Bxb4 Qxb4 14. Ng5
O-O 15. Qh5 h6 16. Nxe4 Qa5 17. b4 Qxb4 18. Qh4 Nc6 19. Rfe1 Qd4 20. Rad1 Qxe5
21. Rd6 Qa5 22. Re3 Ne5 23. Rd5 Qc7 24. Rc5 Ng6 25. Rxc7 Nxh4 26. gxh4 d5 27.
Nd6 Be6 28. Rd3 Rfd8 29. Nxb7 Rdc8 30. Rxc8+ Rxc8 31. Bxd5 Bf5 32. Ra3 Rc7 33.
Rxa7 Rd7 34. Ra8+ Kh7 35. Rd8 Re7 36. Kg2 Re2 37. Kg3 Rd2 38. Bxf7 1-0

[Event "ENCI Limburg-open A"]
[Site "Maastricht"]
[Date "2008.05.12"]
[Round "7"]
[White "Carcan, Stephane"]
[Black "Pastoor, Ernst Jan"]
[Result "1-0"]
[WhiteElo "2047"]
[BlackElo "1814"]
[PlyCount "65"]
[EventDate "2008.05.09"]
[EventType "swiss"]
[EventRounds "7"]
[EventCountry "NED"]
[Source "P.Boonen"]
[SourceDate "2010.01.01"]

1. g3 g6 2. Nf3 Nf6 3. b3 d6 4. d4 Bg7 5. Bb2 O-O 6. Bg2 Bf5 7. Nbd2 c6 8. O-O
Qc8 9. Re1 Bh3 10. Bh1 h6 11. c4 Nh5 12. e4 Na6 13. a3 Nc7 14. Rc1 Ne6 15. Nb1
Qd7 16. Nc3 Rac8 17. Qd2 Kh7 18. Rcd1 Rfd8 19. Qe3 Re8 20. Rd2 Nf8 21. d5 cxd5
22. exd5 Nf6 23. Qxa7 Ng4 24. Bg2 Bxg2 25. Kxg2 Ra8 26. Qb6 Rxa3 27. Bxa3 Bxc3
28. Bb2 Bxd2 29. Qd4 f6 30. Qxd2 Qf5 31. Nd4 Qh5 32. h3 Ne5 33. f4 1-0

[Event "ENCI Limburg-open A"]
[Site "Maastricht"]
[Date "2008.05.12"]
[Round "7"]
[White "Coenen, Eduard"]
[Black "Obels, Jiri"]
[Result "1-0"]
[WhiteElo "2161"]
[BlackElo "2024"]
[PlyCount "61"]
[EventDate "2008.05.09"]
[EventType "swiss"]
[EventRounds "7"]
[EventCountry "NED"]
[Source "P.Boonen"]
[SourceDate "2010.01.01"]

1. d4 Nf6 2. Nf3 g6 3. c3 Bg7 4. Bg5 d6 5. e3 O-O 6. Bc4 c6 7. O-O Qc7 8. Nbd2
Nbd7 9. a4 e5 10. b4 a6 11. Qc2 Re8 12. h3 Nf8 13. Nh2 Be6 14. f4 exd4 15. Bxf6
Bxf6 16. Bxe6 Nxe6 17. Ng4 Bg7 18. f5 gxf5 19. Qxf5 d5 20. exd4 Nf8 21. Nf3 Re6
22. Ng5 Re7 23. h4 Qd7 24. Nf6+ Bxf6 25. Qxf6 Rd8 26. Qh6 Qd6 27. Rf6 Qg3 28.
Rf3 Qg4 29. Kh2 Re4 30. Nxe4 Qxe4 31. Qg5+ 1-0

[Event "ENCI Limburg-open A"]
[Site "Maastricht"]
[Date "2008.05.12"]
[Round "7"]
[White "Daces, Philippe"]
[Black "Van Assendelft, Floris"]
[Result "0-1"]
[WhiteElo "2032"]
[BlackElo "2250"]
[PlyCount "80"]
[EventDate "2008.05.09"]
[EventType "swiss"]
[EventRounds "7"]
[EventCountry "NED"]
[Source "P.Boonen"]
[SourceDate "2010.01.01"]

1. d4 Nf6 2. c4 c5 3. d5 b5 4. Nf3 d6 5. cxb5 a6 6. b6 Nbd7 7. Nc3 g6 8. a4 a5
9. e4 Bg7 10. Bb5 O-O 11. O-O Qxb6 12. Nd2 Qd8 13. Nc4 Ne8 14. Qe2 Nb6 15. Na3
Nc7 16. Bf4 Nxb5 17. Naxb5 Ba6 18. Rfd1 Qb8 19. Qc2 Qb7 20. Na3 Nc4 21. Rab1
Rab8 22. Nab5 Qd7 23. b3 Nb6 24. h3 Rfc8 25. Be3 Rb7 26. Kh1 h6 27. Kg1 Kh7 28.
Kh1 Rf8 29. Kg1 f5 30. f3 Rbb8 31. Kh1 f4 32. Bf2 Be5 33. Be1 Rfc8 34. Bf2 Kg7
35. Kh2 g5 36. Kg1 h5 37. Kf1 c4 38. Bd4 cxb3 39. Qxb3 Nxa4 40. Bxe5+ dxe5 0-1

[Event "ENCI Limburg-open A"]
[Site "Maastricht"]
[Date "2008.05.12"]
[Round "7"]
[White "Dahmen, Christoph"]
[Black "Andriulevicius, Orestas"]
[Result "1-0"]
[WhiteElo "2077"]
[BlackElo "1903"]
[PlyCount "59"]
[EventDate "2008.05.09"]
[EventType "swiss"]
[EventRounds "7"]
[EventCountry "NED"]
[Source "P.Boonen"]
[SourceDate "2010.01.01"]

1. d4 d5 2. c4 e6 3. Nc3 Nf6 4. cxd5 exd5 5. Bg5 Nbd7 6. e3 c6 7. Bd3 Bd6 8.
Nf3 O-O 9. O-O Qc7 10. Rb1 h6 11. Bh4 Ne8 12. b4 a6 13. a4 Nb8 14. Rc1 Qd7 15.
b5 f5 16. Bg3 f4 17. exf4 Bxf4 18. Bxf4 Rxf4 19. Qc2 Nc7 20. Ne5 Qd8 21. Bh7+
Kh8 22. Ng6+ Kxh7 23. Nxf4+ Kg8 24. Qg6 Ne8 25. Rfe1 Bd7 26. Nh5 Qg5 27. Rxe8+
Bxe8 28. Qxe8+ Kh7 29. Re1 Qd2 30. Nf6+ 1-0

[Event "ENCI Limburg-open A"]
[Site "Maastricht"]
[Date "2008.05.12"]
[Round "7"]
[White "De Ridder, Dieter"]
[Black "Haverkamp, Klaus"]
[Result "1/2-1/2"]
[WhiteElo "1778"]
[BlackElo "2018"]
[PlyCount "74"]
[EventDate "2008.05.09"]
[EventType "swiss"]
[EventRounds "7"]
[EventCountry "NED"]
[Source "P.Boonen"]
[SourceDate "2010.01.01"]

1. e4 e5 2. Nf3 Nc6 3. d4 exd4 4. Bc4 Bc5 5. c3 Nf6 6. cxd4 Bb4+ 7. Bd2 Bxd2+
8. Nbxd2 d5 9. exd5 Nxd5 10. Qb3 Na5 11. Qa4+ Nc6 12. Qb3 Nce7 13. O-O O-O 14.
Ne5 c6 15. Rfe1 Qb6 16. Qxb6 Nxb6 17. Bb3 Nbd5 18. Ne4 Rd8 19. Rad1 Kf8 20. Nc5
b6 21. Ne4 Bf5 22. Nc3 Be6 23. Rc1 Nf4 24. Re4 g5 25. Bxe6 Nxe6 26. Nf3 Rd6 27.
Rce1 Nf5 28. Re5 Nfxd4 29. Nxg5 Nxg5 30. Rxg5 Rg6 31. Rxg6 hxg6 32. f3 Rd8 33.
Kf2 Nf5 34. g4 Rd2+ 35. Re2 Rxe2+ 36. Nxe2 Nd6 37. Kg3 Ke7 1/2-1/2

[Event "ENCI Limburg-open A"]
[Site "Maastricht"]
[Date "2008.05.12"]
[Round "7"]
[White "Dek, Lennart"]
[Black "Peek, Maurice"]
[Result "1/2-1/2"]
[WhiteElo "2191"]
[BlackElo "2405"]
[PlyCount "66"]
[EventDate "2008.05.09"]
[EventType "swiss"]
[EventRounds "7"]
[EventCountry "NED"]
[Source "P.Boonen"]
[SourceDate "2010.01.01"]

1. e4 d5 2. exd5 Nf6 3. d4 Nxd5 4. Nf3 g6 5. c4 Nb6 6. Nc3 Bg7 7. c5 Nd5 8. Bc4
c6 9. O-O O-O 10. Re1 Na6 11. Nxd5 cxd5 12. Bxa6 bxa6 13. Ne5 Re8 14. Bf4 f6
15. Nd3 Bf5 16. Rc1 Qa5 17. a3 Qb5 18. Nb4 Rad8 19. Qe2 e5 20. dxe5 Qxe2 21.
Rxe2 fxe5 22. Bg5 Rd7 23. Rd2 h6 24. Bh4 g5 25. Bg3 a5 26. c6 Rc8 27. Rdd1 Rd6
28. Rxd5 Rxd5 29. Nxd5 Kf7 30. Ne3 Be4 31. Nc4 Rxc6 32. Nxe5+ Bxe5 33. Rxc6
Bxc6 1/2-1/2

[Event "ENCI Limburg-open A"]
[Site "Maastricht"]
[Date "2008.05.12"]
[Round "7"]
[White "Dgebuadze, Alexandre"]
[Black "Nijboer, Friso"]
[Result "0-1"]
[WhiteElo "2528"]
[BlackElo "2558"]
[PlyCount "138"]
[EventDate "2008.05.09"]
[EventType "swiss"]
[EventRounds "7"]
[EventCountry "NED"]
[Source "P.Boonen"]
[SourceDate "2010.01.01"]

1. e4 e5 2. Nf3 Nc6 3. Bb5 a6 4. Ba4 Nf6 5. O-O Be7 6. Re1 b5 7. Bb3 d6 8. c3
O-O 9. h3 Na5 10. Bc2 c5 11. d4 Nd7 12. a4 b4 13. cxb4 cxb4 14. Nbd2 exd4 15.
Nb3 d3 16. Qxd3 Nxb3 17. Qxb3 Rb8 18. Nd4 Nc5 19. Qg3 Bh4 20. Qf3 Qf6 21. Be3
b3 22. Bb1 Rb4 23. Qd1 Bg5 24. e5 dxe5 25. Bxg5 Qxg5 26. Nf3 Qd8 27. Qc1 Ne6
28. Nxe5 Nf4 29. Qc3 Qd5 30. f3 Qd4+ 31. Qxd4 Rxd4 32. Re4 Re8 33. Rxd4 Ne2+
34. Kh2 Nxd4 35. Nc4 Rd8 36. Be4 f5 37. Ba8 Be6 38. Nb6 Nc2 39. Rc1 a5 40. f4
Rb8 41. Nd5 Kf7 42. Nc7 Rc8 43. Nxe6 Kxe6 44. Bb7 Rd8 45. Kg3 Rd3+ 46. Kh4 Kf6
47. g4 h6 48. gxf5 Rd4 49. Kg3 Kxf5 50. Bc8+ Kf6 51. Kf3 Rxa4 52. Rd1 Rd4 53.
Rxd4 Nxd4+ 54. Ke4 a4 55. Ba6 Ne6 56. Bc4 h5 57. h4 g6 58. Ke3 Ke7 59. Bd3 Kf6
60. Bc4 Nc7 61. Kd2 Kf5 62. Bd3+ Kxf4 63. Bxg6 Kg4 64. Kc3 Na6 65. Kc4 Kxh4 66.
Kb5 Kg5 67. Be4 Kf4 68. Bh1 a3 69. Kxa6 a2 0-1

[Event "ENCI Limburg-open A"]
[Site "Maastricht"]
[Date "2008.05.12"]
[Round "7"]
[White "Edeling, Jeroen"]
[Black "Smith, Thijmen"]
[Result "1-0"]
[WhiteElo "2133"]
[BlackElo "1934"]
[PlyCount "61"]
[EventDate "2008.05.09"]
[EventType "swiss"]
[EventRounds "7"]
[EventCountry "NED"]
[Source "P.Boonen"]
[SourceDate "2010.01.01"]

1. e4 c5 2. Nf3 Nc6 3. c3 Nf6 4. d3 d6 5. g3 g6 6. Bg2 Bg7 7. O-O O-O 8. Re1
Bg4 9. h3 Bxf3 10. Qxf3 Nd7 11. Qe2 e6 12. Na3 Nb6 13. h4 d5 14. h5 Re8 15. f4
Qd7 16. hxg6 hxg6 17. Qg4 Rad8 18. e5 a6 19. Nc2 Nc8 20. Qh4 b5 21. Ne3 Qe7 22.
Qh3 Nb6 23. Ng4 c4 24. d4 b4 25. Kf2 Nd7 26. Rh1 f5 27. exf6 Nxf6 28. Ne5 Nxe5
29. fxe5 Nd7 30. Qh7+ Kf8 31. Ke2 1-0

[Event "ENCI Limburg-open A"]
[Site "Maastricht"]
[Date "2008.05.12"]
[Round "7"]
[White "Eijk, Yuri"]
[Black "Huppertz, Andrea"]
[Result "1/2-1/2"]
[WhiteElo "2012"]
[BlackElo "1839"]
[PlyCount "25"]
[EventDate "2008.05.09"]
[EventType "swiss"]
[EventRounds "7"]
[EventCountry "NED"]
[Source "P.Boonen"]
[SourceDate "2010.01.01"]

1. d4 d5 2. c4 c6 3. Nf3 Nf6 4. Nc3 a6 5. cxd5 cxd5 6. Bf4 e6 7. e3 Be7 8. Bd3
O-O 9. O-O Nc6 10. Rc1 Nh5 11. Bg3 Nxg3 12. hxg3 f5 13. Nd2 1/2-1/2

[Event "ENCI Limburg-open A"]
[Site "Maastricht"]
[Date "2008.05.12"]
[Round "7"]
[White "Epishin, Vladimir"]
[Black "Pel, Bonno"]
[Result "1-0"]
[WhiteElo "2566"]
[BlackElo "2288"]
[PlyCount "85"]
[EventDate "2008.05.09"]
[EventType "swiss"]
[EventRounds "7"]
[EventCountry "NED"]
[Source "P.Boonen"]
[SourceDate "2010.01.01"]

1. d4 d6 2. Nf3 g6 3. e4 Bg7 4. Bc4 Nf6 5. Qe2 O-O 6. O-O c6 7. Bb3 Qc7 8. e5
dxe5 9. dxe5 Nd5 10. h3 a5 11. Re1 a4 12. Bxd5 cxd5 13. Nc3 Be6 14. Nb5 Qc8 15.
Bf4 Ra5 16. Nbd4 Nc6 17. Qd2 Rc5 18. Rac1 Rc4 19. c3 Nd8 20. Bh6 Qd7 21. Rcd1
Qc8 22. Bxg7 Kxg7 23. Re3 Rc7 24. Rd3 Bd7 25. Qg5 Re8 26. a3 h6 27. Qg3 Ne6 28.
Nxe6+ Bxe6 29. Nd4 Rc5 30. Rf3 Bd7 31. Re1 Be6 32. Ree3 Ra5 33. h4 Ra6 34. Qf4
Rf8 35. Rg3 Kh7 36. Ref3 Rb6 37. Qd2 Qc4 38. Qc2 h5 39. Rxg6 fxg6 40. Rxf8 Kg7
41. Rf4 Qa2 42. Kh2 Bd7 43. e6 1-0

[Event "ENCI Limburg-open A"]
[Site "Maastricht"]
[Date "2008.05.12"]
[Round "7"]
[White "Friesen, Boris"]
[Black "Konings, Frans"]
[Result "1-0"]
[WhiteElo "2129"]
[BlackElo "2262"]
[PlyCount "85"]
[EventDate "2008.05.09"]
[EventType "swiss"]
[EventRounds "7"]
[EventCountry "NED"]
[Source "P.Boonen"]
[SourceDate "2010.01.01"]

1. e4 d6 2. d4 Nf6 3. f3 d5 4. Nc3 dxe4 5. fxe4 e5 6. Bg5 Be7 7. dxe5 Nfd7 8.
Bf4 Nc6 9. Bb5 O-O 10. Bxc6 bxc6 11. Nge2 Bc5 12. Nd4 Nb6 13. Nb3 Qe7 14. Qe2
a5 15. Nxc5 Qxc5 16. Qe3 Qc4 17. b3 Qb4 18. O-O Ba6 19. Rf3 Nd7 20. Rd1 Qe7 21.
Rg3 Nxe5 22. Bxe5 Qxe5 23. Qg5 Rae8 24. Rd7 g6 25. Qxe5 Rxe5 26. Rxc7 f5 27.
Rxc6 f4 28. Rh3 Ra8 29. Rh4 g5 30. Rhh6 Bb7 31. Rc7 Rc8 32. Rxc8+ Bxc8 33. Rc6
Be6 34. Rc7 h5 35. Kf2 g4 36. Nd5 Bxd5 37. Rc5 Rxe4 38. Rxd5 Re3 39. Rg5+ Kh7
40. Rxh5+ Kg6 41. Rc5 a4 42. Rc4 Kf5 43. Rxa4 1-0

[Event "ENCI Limburg-open A"]
[Site "Maastricht"]
[Date "2008.05.12"]
[Round "7"]
[White "Geuss, Paul"]
[Black "Rietveld, Leo"]
[Result "1/2-1/2"]
[WhiteElo "2171"]
[BlackElo "2033"]
[PlyCount "40"]
[EventDate "2008.05.09"]
[EventType "swiss"]
[EventRounds "7"]
[EventCountry "NED"]
[Source "P.Boonen"]
[SourceDate "2010.01.01"]

1. e4 d5 2. exd5 Nf6 3. Nf3 Qxd5 4. d4 Bg4 5. Be2 Nc6 6. h3 Bxf3 7. Bxf3 Qd6 8.
O-O g6 9. c3 Bg7 10. Qb3 Nd8 11. Nd2 O-O 12. Nc4 Qd7 13. Ne5 Qc8 14. Re1 a5 15.
a4 Ra6 16. Bf4 Rb6 17. Qc2 Ne6 18. Bg3 Rd8 19. Nc4 Ra6 20. Rad1 Ng5 1/2-1/2

[Event "ENCI Limburg-open A"]
[Site "Maastricht"]
[Date "2008.05.12"]
[Round "7"]
[White "Goes, Dirk"]
[Black "Akstinat, Sven Holger"]
[Result "1/2-1/2"]
[WhiteElo "1972"]
[BlackElo "2179"]
[PlyCount "53"]
[EventDate "2008.05.09"]
[EventType "swiss"]
[EventRounds "7"]
[EventCountry "NED"]
[Source "P.Boonen"]
[SourceDate "2010.01.01"]

1. d4 e6 2. Bf4 b6 3. Nf3 Bb7 4. Nbd2 f5 5. e3 Nf6 6. Bd3 Be7 7. O-O O-O 8. h3
Na6 9. a3 c5 10. c4 Rc8 11. Qb1 Nh5 12. Bh2 g6 13. Rc1 d6 14. b4 Qd7 15. Qb3
Bf6 16. Rab1 Rb8 17. Qd1 f4 18. Qe1 e5 19. dxe5 dxe5 20. Be4 Rbd8 21. b5 Nb8
22. Rd1 Qe7 23. Qe2 Bxe4 24. Nxe4 Rxd1+ 25. Rxd1 Rd8 26. Nc3 Kg7 27. Nd5
1/2-1/2

[Event "ENCI Limburg-open A"]
[Site "Maastricht"]
[Date "2008.05.12"]
[Round "7"]
[White "Goudriaan, Etienne"]
[Black "Schaeken, Yordi"]
[Result "1/2-1/2"]
[WhiteElo "2117"]
[BlackElo "1916"]
[PlyCount "53"]
[EventDate "2008.05.09"]
[EventType "swiss"]
[EventRounds "7"]
[EventCountry "NED"]
[Source "P.Boonen"]
[SourceDate "2010.01.01"]

1. d4 c5 2. d5 e6 3. c4 exd5 4. cxd5 d6 5. Bd2 Be7 6. Bc3 Bf6 7. e4 a6 8. a4
Nd7 9. f4 Ne7 10. Bd3 Ng6 11. Qf3 O-O 12. Ne2 Rb8 13. a5 b5 14. axb6 Qxb6 15.
Ra2 Qb3 16. Nc1 Qb6 17. Nd2 Bxc3 18. bxc3 Re8 19. Nc4 Qc7 20. O-O Nf6 21. h3
Bd7 22. Rxa6 Bb5 23. Nxd6 Bxa6 24. Nxe8 Rxe8 25. Bxa6 Rxe4 26. Ne2 c4 27. Kh1
1/2-1/2

[Event "ENCI Limburg-open A"]
[Site "Maastricht"]
[Date "2008.05.12"]
[Round "7"]
[White "Hahn, Gerard"]
[Black "Wallace, Mitchel"]
[Result "0-1"]
[WhiteElo "1993"]
[BlackElo "1773"]
[PlyCount "24"]
[EventDate "2008.05.09"]
[EventType "swiss"]
[EventRounds "7"]
[EventCountry "NED"]
[Source "P.Boonen"]
[SourceDate "2010.01.01"]

1. e4 d6 2. d4 Nf6 3. Nc3 Nbd7 4. f4 e5 5. Nf3 Be7 6. dxe5 dxe5 7. fxe5 Ng4 8.
e6 fxe6 9. h3 Bh4+ 10. Nxh4 Qxh4+ 11. Ke2 Qf2+ 12. Kd3 Nde5# 0-1

[Event "ENCI Limburg-open A"]
[Site "Maastricht"]
[Date "2008.05.12"]
[Round "7"]
[White "Hamblok, Roel"]
[Black "Dirksen, Marieke"]
[Result "1-0"]
[WhiteElo "2088"]
[BlackElo "1873"]
[PlyCount "49"]
[EventDate "2008.05.09"]
[EventType "swiss"]
[EventRounds "7"]
[EventCountry "NED"]
[Source "P.Boonen"]
[SourceDate "2010.01.01"]

1. d4 Nf6 2. c4 g6 3. Nc3 Bg7 4. e4 d6 5. f3 O-O 6. Be3 e5 7. d5 c5 8. Qd2 a6
9. Bd3 h5 10. Nge2 Nbd7 11. O-O-O Qa5 12. Rdg1 Rb8 13. a4 Nb6 14. b3 Bd7 15. h4
Nc8 16. Bh6 Na7 17. g4 b5 18. axb5 axb5 19. gxh5 Nxh5 20. Qg5 bxc4 21. Bxc4 Nb5
22. Nb1 Na3 23. Bxg7 Nxg7 24. h5 Nxc4 25. hxg6 1-0

[Event "ENCI Limburg-open A"]
[Site "Maastricht"]
[Date "2008.05.12"]
[Round "7"]
[White "Heirich, Andreas"]
[Black "Van der Zwet, Bart"]
[Result "0-1"]
[WhiteElo "1910"]
[BlackElo "2057"]
[PlyCount "46"]
[EventDate "2008.05.09"]
[EventType "swiss"]
[EventRounds "7"]
[EventCountry "NED"]
[Source "P.Boonen"]
[SourceDate "2010.01.01"]

1. d4 f5 2. c4 b6 3. Nc3 Nf6 4. Bf4 Bb7 5. d5 g6 6. Be5 Bg7 7. e4 fxe4 8. Nxe4
O-O 9. Nxf6+ Bxf6 10. Bxf6 Rxf6 11. f3 c6 12. Nh3 Qc7 13. dxc6 Nxc6 14. Qd2
Qe5+ 15. Kf2 Rd6 16. Qh6 Qd4+ 17. Kg3 g5 18. Qh5 Qe5+ 19. f4 gxf4+ 20. Kg4 Qg7+
21. Kxf4 Rf8+ 22. Ke3 Qd4+ 23. Ke2 Qd2# 0-1

[Event "ENCI Limburg-open A"]
[Site "Maastricht"]
[Date "2008.05.12"]
[Round "7"]
[White "Hermans, Chris"]
[Black "Holscher, Peter"]
[Result "1/2-1/2"]
[WhiteElo "1866"]
[BlackElo "2072"]
[PlyCount "62"]
[EventDate "2008.05.09"]
[EventType "swiss"]
[EventRounds "7"]
[EventCountry "NED"]
[Source "P.Boonen"]
[SourceDate "2010.01.01"]

1. e4 d6 2. d4 Nf6 3. Nc3 Nbd7 4. Bc4 e5 5. Nf3 h6 6. h3 c6 7. O-O Qc7 8. a3 b5
9. Ba2 Be7 10. d5 Bb7 11. dxc6 Bxc6 12. Qe2 Rb8 13. b4 O-O 14. Bb2 Rfe8 15.
Rfe1 Nf8 16. Rac1 Ng6 17. g3 a5 18. Kg2 axb4 19. axb4 Bf8 20. Qd3 Qb7 21. Nd2
Rbd8 22. Bd5 Bxd5 23. exd5 Ne7 24. Qxb5 Qxb5 25. Nxb5 Nexd5 26. Ba3 Rd7 27. c4
Nb6 28. c5 dxc5 29. bxc5 Rxd2 30. cxb6 Bxa3 31. Nxa3 Ra2 1/2-1/2

[Event "ENCI Limburg-open A"]
[Site "Maastricht"]
[Date "2008.05.12"]
[Round "7"]
[White "Hoffmann, Udo"]
[Black "Reyniers, Pieter"]
[Result "1/2-1/2"]
[WhiteElo "2220"]
[BlackElo "2028"]
[PlyCount "23"]
[EventDate "2008.05.09"]
[EventType "swiss"]
[EventRounds "7"]
[EventCountry "NED"]
[Source "P.Boonen"]
[SourceDate "2010.01.01"]

1. e4 c5 2. b3 e6 3. Nf3 Nf6 4. e5 Nd5 5. Bb2 Nc6 6. Bc4 d6 7. exd6 Bxd6 8. O-O
O-O 9. Nc3 Nf6 10. Re1 a6 11. Ne4 Be7 12. Ng3 1/2-1/2

[Event "ENCI Limburg-open A"]
[Site "Maastricht"]
[Date "2008.05.12"]
[Round "7"]
[White "Hoynck van Papendrecht, Frans"]
[Black "Goossens, Hanne"]
[Result "1-0"]
[WhiteElo "2104"]
[BlackElo "1909"]
[PlyCount "87"]
[EventDate "2008.05.09"]
[EventType "swiss"]
[EventRounds "7"]
[EventCountry "NED"]
[Source "P.Boonen"]
[SourceDate "2010.01.01"]

1. e4 c5 2. Nf3 Nc6 3. d4 cxd4 4. Nxd4 g6 5. c4 d6 6. Nc3 Nf6 7. Be2 Nxd4 8.
Qxd4 Bg7 9. Be3 O-O 10. Qd2 Bd7 11. O-O Bc6 12. f3 Nd7 13. Rac1 a6 14. Kh1 b5
15. cxb5 Bxb5 16. Nd5 f5 17. Nc7 Bxe2 18. Qxe2 fxe4 19. Qc4+ Kh8 20. Qxe4 Nf6
21. Qxa8 Qxa8 22. Nxa8 Rxa8 23. Rfd1 Kg8 24. b3 Kf7 25. Kg1 Ke6 26. Bd4 Bh6 27.
Rc7 Nd5 28. Re1+ Kf7 29. Rc4 e5 30. Bf2 Ke6 31. Rh4 Bg5 32. Rxh7 Ne7 33. Bh4
Bxh4 34. Rxh4 d5 35. Rb4 Nf5 36. Kf2 g5 37. Rb6+ Nd6 38. Rc1 d4 39. Rcc6 Rd8
40. Rxa6 Kd5 41. Rxd6+ Rxd6 42. Rxd6+ Kxd6 43. Ke2 Kc5 44. Kd3 1-0

[Event "ENCI Limburg-open A"]
[Site "Maastricht"]
[Date "2008.05.12"]
[Round "7"]
[White "Kalla, Christian"]
[Black "Ten Hertog, Hugo"]
[Result "1-0"]
[WhiteElo "1964"]
[BlackElo "2075"]
[PlyCount "41"]
[EventDate "2008.05.09"]
[EventType "swiss"]
[EventRounds "7"]
[EventCountry "NED"]
[Source "P.Boonen"]
[SourceDate "2010.01.01"]

1. e4 c5 2. c3 d5 3. exd5 Qxd5 4. d4 Nf6 5. Nf3 e6 6. Be3 cxd4 7. cxd4 Nc6 8.
Nc3 Qd8 9. a3 Be7 10. Bc4 O-O 11. O-O Nd5 12. Rc1 Bf6 13. Ne4 Nce7 14. Nxf6+
Nxf6 15. Ne5 Ned5 16. Qf3 b6 17. Bg5 Bb7 18. Ng4 Kh8 19. Nxf6 h6 20. Bxd5 exd5
21. Qf5 1-0

[Event "ENCI Limburg-open A"]
[Site "Maastricht"]
[Date "2008.05.12"]
[Round "7"]
[White "Kamps, Sjaak"]
[Black "Roufs, Gerard"]
[Result "1-0"]
[WhiteElo "2089"]
[BlackElo "1879"]
[PlyCount "57"]
[EventDate "2008.05.09"]
[EventType "swiss"]
[EventRounds "7"]
[EventCountry "NED"]
[Source "P.Boonen"]
[SourceDate "2010.01.01"]

1. e4 c5 2. Nc3 e6 3. f4 Nc6 4. Nf3 g6 5. d4 cxd4 6. Nxd4 Bg7 7. Ndb5 Nge7 8.
Nd6+ Kf8 9. Be3 Kg8 10. Qd2 a6 11. O-O-O Nb8 12. g4 Qa5 13. e5 b5 14. Bg2 Nbc6
15. Kb1 h6 16. Qf2 Qc7 17. Rhe1 Bb7 18. Bb6 Qb8 19. Bc5 Bf8 20. Nce4 Nd5 21.
Rxd5 exd5 22. Nf6+ Kg7 23. Nde8+ Qxe8 24. Nxe8+ Rxe8 25. Bxd5 Bxc5 26. Qxc5 Rc8
27. Qd6 Rhf8 28. Qf6+ Kg8 29. Qxg6+ 1-0

[Event "ENCI Limburg-open A"]
[Site "Maastricht"]
[Date "2008.05.12"]
[Round "7"]
[White "Klein, Gernot"]
[Black "Held, Benjamin"]
[Result "0-1"]
[WhiteElo "2024"]
[BlackElo "1856"]
[PlyCount "143"]
[EventDate "2008.05.09"]
[EventType "swiss"]
[EventRounds "7"]
[EventCountry "NED"]
[Source "P.Boonen"]
[SourceDate "2010.01.01"]

1. e4 e5 2. Nf3 Nc6 3. Bb5 a6 4. Ba4 Nf6 5. O-O b5 6. Bb3 Be7 7. Re1 O-O 8. a4
Bb7 9. c3 d6 10. d4 exd4 11. cxd4 Nb4 12. Nc3 c6 13. Qd2 d5 14. e5 Ne8 15. Qe2
Nc7 16. Be3 Qd7 17. Qd2 Qf5 18. Red1 Ne6 19. Ne2 h5 20. Ng3 Qh7 21. h4 Qg6 22.
Rac1 Kh8 23. a5 Rac8 24. Ng5 Nxg5 25. Bxg5 f6 26. exf6 gxf6 27. Be3 Rg8 28. Qe2
f5 29. Bf4 Bxh4 30. Qxh5+ Qxh5 31. Nxh5 Rg6 32. Rc3 Kg8 33. Re1 Kf7 34. Rh3 Bg5
35. Re5 Bxf4 36. Rxf5+ Ke6 37. Rxf4 Rcg8 38. Re3+ Kd6 39. Rf6+ Rxf6 40. Nxf6
Rf8 41. Nh7 Rf4 42. Ng5 Rxd4 43. Nf7+ Kd7 44. Kf1 c5 45. Ke2 Nc6 46. Bc2 Rb4
47. b3 Nxa5 48. g4 Nc6 49. Ne5+ Nxe5 50. Rxe5 Kd6 51. Rg5 Bc8 52. Rg6+ Ke5 53.
f3 Be6 54. Ke3 d4+ 55. Kd2 Bxb3 56. Rg5+ Kd6 57. Rg6+ Ke7 58. Rxa6 Bxc2 59.
Kxc2 Rc4+ 60. Kd3 Rc3+ 61. Ke4 Re3+ 62. Kd5 d3 63. Kxc5 d2 64. Ra7+ Ke6 65.
Ra6+ Ke5 66. f4+ Kxf4 67. Rd6 Re2 68. Kxb5 Ke3 69. Kc4 Kf2 70. Kc3 Ke1 71. Rh6
Re3+ 72. Kd4 0-1

[Event "ENCI Limburg-open A"]
[Site "Maastricht"]
[Date "2008.05.12"]
[Round "7"]
[White "Klein, Leo"]
[Black "Blijlevens, Pim"]
[Result "1-0"]
[WhiteElo "2081"]
[BlackElo "1899"]
[PlyCount "83"]
[EventDate "2008.05.09"]
[EventType "swiss"]
[EventRounds "7"]
[EventCountry "NED"]
[Source "P.Boonen"]
[SourceDate "2010.01.01"]

1. d4 Nf6 2. Bf4 e6 3. e3 b6 4. Nd2 Bb7 5. Ngf3 Ne4 6. Nxe4 Bxe4 7. Nd2 Bb7 8.
e4 d6 9. c3 Nd7 10. Bd3 e5 11. Be3 g6 12. O-O Bg7 13. d5 O-O 14. c4 f5 15. exf5
gxf5 16. f3 a5 17. Rc1 Kh8 18. Qc2 Qf6 19. a3 Nc5 20. Be2 a4 21. Rcd1 Rg8 22.
Nb1 Raf8 23. Nc3 Bh6 24. f4 Nb3 25. Kh1 Nd4 26. Qd2 Nxe2 27. Nxe2 Rg6 28. Ng3
Qh4 29. fxe5 Bxe3 30. Qxe3 f4 31. Qd4 Rxg3 32. e6+ Kg8 33. e7 Re8 34. Rxf4 Qxf4
35. Qxf4 Rg7 36. Rf1 Rgxe7 37. h4 b5 38. h5 bxc4 39. h6 c6 40. Qg5+ Kh8 41.
Qf6+ Kg8 42. Rf3 1-0

[Event "ENCI Limburg-open A"]
[Site "Maastricht"]
[Date "2008.05.12"]
[Round "7"]
[White "Kodentsov, Grisja"]
[Black "Sadallah, Osama"]
[Result "1-0"]
[WhiteElo "2275"]
[BlackElo "2149"]
[PlyCount "79"]
[EventDate "2008.05.09"]
[EventType "swiss"]
[EventRounds "7"]
[EventCountry "NED"]
[Source "P.Boonen"]
[SourceDate "2010.01.01"]

1. e4 c5 2. Nf3 g6 3. d4 cxd4 4. Nxd4 Nc6 5. Nc3 Bg7 6. Be3 Nf6 7. Bc4 O-O 8.
Bb3 Ng4 9. Qxg4 Nxd4 10. Qd1 Nxb3 11. axb3 b6 12. Qd2 Bb7 13. Bh6 Qc7 14. Bxg7
Kxg7 15. O-O-O Bc6 16. h4 h6 17. g4 b5 18. f4 b4 19. Nd5 Bxd5 20. exd5 Qd6 21.
h5 a5 22. Qd4+ f6 23. hxg6 Kxg6 24. Qe4+ Kf7 25. Rxh6 Ke8 26. Re1 Kd8 27. g5 a4
28. gxf6 exf6 29. Rh7 Kc8 30. Qc4+ Kb8 31. bxa4 Ra7 32. Rhe7 Rc8 33. Re8 Rac7
34. Rxc8+ Rxc8 35. Qb5+ Ka7 36. Qa5+ Kb7 37. Re4 Rb8 38. Rxb4+ Kc8 39. Rc4+ Kb7
40. Qb4+ 1-0